TV Series Surnames Quiz Stats

 Plays Quiz Updated Nov 15, 2018

Challenge
Share
Tweet
Embed
Score 0/30 Timer 06:00
1 Play Today
First name Surname % Correct
JackBauer
80%
NedFlanders
69.5%
NilesCrane
60.9%
CarltonBanks
53.5%
PhoebeBuffay
53%
Jean-LucPicard
47.5%
CarrieBradshaw
45.6%
FoxMulder
45.4%
MichaelKelso
44.5%
SamMalone
43.3%
Elaine Benes
36.4%
BobbyEwing
35.5%
GilGrissom
33.6%
LisaCuddy
33.4%
BarneyStinson
32.2%
First name Surname % Correct
VincentChase
27%
AlanHarper
25.5%
BenjaminLinus
23.9%
AndySipowicz
22.1%
DerekShepherd
20.5%
JackDonaghy
18%
DougRoss
16.9%
LucasScott
16.7%
EdnaGarrett
16.5%
Louie De Palma
16.1%
LauraPalmer
12.6%
ChuckBartowski
12.5%
Anthony Nelson
10.9%
JoshLyman
8.8%
OmarLittle
6%

You're not logged in!

Compare scores with friends on all Sporcle quizzes.
OR
Log In

You Might Also Like...

Show Comments

Extras

Top Quizzes Today


Score Distribution

Your Account Isn't Verified!

In order to create a playlist on Sporcle, you need to verify the email address you used during registration. Go to your Sporcle Settings to finish the process.

Report this User

Report this user for behavior that violates our Community Guidelines.

Details: